Our digital world : (Record no. 48668)

MARC details
000 -LEADER
fixed length control field 00700cam a22002537a 4500
001 - CONTROL NUMBER
control field 17299716
003 - CONTROL NUMBER IDENTIFIER
control field 0
005 - DATE AND TIME OF LATEST TRANSACTION
control field 20170215145421.0
008 - FIXED-LENGTH DATA ELEMENTS--GENERAL INFORMATION
fixed length control field 120515s2011 mnua 001 0 eng d
010 ## - LIBRARY OF CONGRESS CONTROL NUMBER
LC control number 2012405223
020 ## - INTERNATIONAL STANDARD BOOK NUMBER
International Standard Book Number 9780763837501
020 ## - INTERNATIONAL STANDARD BOOK NUMBER
International Standard Book Number 0763837504
040 ## - CATALOGING SOURCE
Transcribing agency SPU
042 ## - AUTHENTICATION CODE
Authentication code lccopycat
050 00 - LIBRARY OF CONGRESS CALL NUMBER
Classification number QA 76.17
Item number .O97 2011
245 00 - TITLE STATEMENT
Title Our digital world :
Remainder of title introduction to computing /
Statement of responsibility, etc Jon Gordon ... [et al.].
260 ## - PUBLICATION, DISTRIBUTION, ETC. (IMPRINT)
Place of publication, distribution, etc St. Paul, MN :
Name of publisher, distributor, etc Paradigm Pub.,
Date of publication, distribution, etc c2011.
300 ## - PHYSICAL DESCRIPTION
Extent xvi, 278 p. :
Other physical details ill. ;
Dimensions 28 cm.
650 #0 - SUBJECT ADDED ENTRY--TOPICAL TERM
Topical term or geographic name as entry element Computer science.
650 #0 - SUBJECT ADDED ENTRY--TOPICAL TERM
Topical term or geographic name as entry element History of computing.
650 #0 - SUBJECT ADDED ENTRY--TOPICAL TERM
Topical term or geographic name as entry element Computers
General subdivision History.
700 1# - ADDED ENTRY--PERSONAL NAME
Personal name Gordon, Jon,
Dates associated with a name 1971-
942 ## - ADDED ENTRY ELEMENTS (KOHA)
Source of classification or shelving scheme Library of Congress Classification
Koha item type Book
Holdings
Withdrawn status Lost status Source of classification or shelving scheme Damaged status Not for loan Collection code Home library Current library Shelving location Date acquired Source of acquisition Cost, normal purchase price Total Checkouts Full call number Barcode Date checked out Copy number Price effective from Koha item type
    Library of Congress Classification     Non-fiction Bishop Okullu Memorial Library (Limuru Campus) Bishop Okullu Memorial Library (Limuru Campus) General Circulation 15/02/2017 Donation-BFA 2000.00 1 QA 76.17 .O97 2011 050671 13/10/2021 1 15/02/2017 Book
    Library of Congress Classification     Non-fiction Bishop Okullu Memorial Library (Limuru Campus) Bishop Okullu Memorial Library (Limuru Campus) General Circulation 23/11/2017 Donation-BFA 3859.00 1 QA 76.17 .O97 2011 056824 23/06/2018 2 23/11/2017 Book